000 00298nam a2200133Ia 4500
100 _aKehl.L.George
942 _cBK
654 _aLaboratory
245 _aMetallographic Laboratory Practice
260 _bEurasia publishing house
_c2001
082 _a669.95
300 _a520
546 _aENGLISH
999 _c20929
_d20929